Does subsidiarity really matter?

Na minha lista:
Detalhes bibliográficos
Autor principal: Dehousse, Renaud
Formato: Livro
Idioma:inglês
Publicado em: Florence European University Institute 1993
Colecção:EUI working paper LAW No. 92/32
Assuntos:
Tags: Adicionar Tag
Sem tags, seja o primeiro a adicionar uma tag!

MARC

LEADER 00000nam a2200000 4500
001 c100166
005 20221123112249.5
041 0 |a eng 
044 |a IT 
245 1 0 |a Does subsidiarity really matter?  |c Renaud Dehousse 
264 1 |a Florence  |b European University Institute  |c 1993 
300 |a 31 s. 
490 1 |a EUI working paper  |v LAW No. 92/32 
830 0 |a EUI working paper  |v LAW No. 92/32 
610 2 0 |a integrácia ekonomická medzinárodná 
610 2 0 |a spolupráca hospodárska medzinárodná 
610 2 0 |a inštitúcia 
610 2 0 |a koncepcie 
610 2 0 |a programy politické 
610 2 0 |a Európska únia 
100 1 |a Dehousse, Renaud